Avances de Investigación 1977 (20). Hacia una crítica materialista de la psicología occidental/
Salvato in:
| Autore principale: | |
|---|---|
| Natura: | Documento governativo Libro |
| Lingua: | Spanish |
| Soggetti: | |
| Tags: |
Aggiungi Tag
Nessun Tag, puoi essere il primo ad aggiungerne!!
|
MARC
| LEADER | 00000nam a22000007a 4500 | ||
|---|---|---|---|
| 003 | cru IIS | ||
| 005 | 20231020062558.0 | ||
| 007 | ta | ||
| 008 | 220523s1990 cr |||p|r|||| 00| 0 spa d | ||
| 040 | |c cru IIS | ||
| 086 | |a REV0053 (20) 1977 | ||
| 100 | 1 | |9 10519 |a Jensen, Henning |e Autor | |
| 245 | 1 | |a Avances de Investigación 1977 (20). |b Hacia una crítica materialista de la psicología occidental/ |c Henning Jensen | |
| 300 | |a 32 páginas | ||
| 500 | |a Colección Centroamérica | ||
| 505 | |a I. Introducción / Henning Jensen (páginas 1-2) II. Psicodiagnóstico e investigación psicológica / Henning Jensen (páginas 3-10) III. Fundamentos ideológicos de la psicología experimental / Henning Jensen (páginas 11-24) IV. Reflexiones finales / Henning Jensen (páginas 25-30) Bibliografía (páginas 31-32) | ||
| 650 | 0 | |a PSICOLOGIA |9 3105 | |
| 651 | 0 | |9 32 |a COSTA RICA | |
| 773 | 0 | |0 19073 |9 7520 |a Universidad de Costa Rica. |d San José, Costa Rica UCR. FCS. IIS |o 22677 |t Avances de Investigación/ | |
| 942 | |2 ddc |c PP | ||
| 999 | |c 44362 |d 44362 | ||
